Tn. Hj. Ismail Saleh (Record no. 163332)

MARC details
000 -LEADER
fixed length control field 00577njm a2200181 i 4500
001 - CONTROL NUMBER
control field C2-0260664
003 - CONTROL NUMBER IDENTIFIER
control field PPAK
005 - DATE AND TIME OF LATEST TRANSACTION
control field 20180729152237.0
008 - FIXED-LENGTH DATA ELEMENTS--GENERAL INFORMATION
fixed length control field 041026s2001 my |||| ||||| | may d
040 ## - CATALOGING SOURCE
Original cataloging agency PPAK
Language of cataloging eng
Transcribing agency PPAK
Description conventions rda
245 00 - TITLE STATEMENT
Title Tn. Hj. Ismail Saleh
264 #1 - PRODUCTION, PUBLICATION, DISTRIBUTION, MANUFACTURE, AND COPYRIGHT NOTICE
Place of production, publication, distribution, manufacture Alor Setar, Kedah :
Name of producer, publisher, distributor, manufacturer Perbadanan Perpustakaan Awam Kedah ,
Date of production, publication, distribution, manufacture, or copyright notice 2001
336 ## - CONTENT TYPE
Source rdacontent
Content type term text
337 ## - MEDIA TYPE
Source rdamedia
Media type term unmediated
338 ## - CARRIER TYPE
Source rdacarrier
Carrier type term volume
500 ## - GENERAL NOTE
General note Tiada transkripsi ; Dirakam pada 08/02/01 ; Temubual Puan Azizah (DBP) dengan Tn. Hj. Ismail Saleh
942 ## - ADDED ENTRY ELEMENTS (KOHA)
-- dc
Koha item type Book
Holdings
Withdrawn status Lost status Source of classification or shelving scheme Damaged status Not for loan Current library Shelving location Date acquired Full call number Barcode Date last seen Koha item type
    Dewey Decimal Classification   Not For Loan Perpustakaan Alor Setar Koleksi Kedah 26/10/2004 PK 431/01 ; PK 432/01 A00157660 05/07/2018 Cassette
    Dewey Decimal Classification   Not For Loan Perpustakaan Alor Setar Koleksi Kedah 26/10/2004 PK 431/01 ; PK 432/01 A00157659 05/07/2018 Cassette